Is fastest best? - the case of development control (Record no. 5669)

MARC details
000 -LEADER
fixed length control field 00896cab a2200193 4500
001 - CONTROL NUMBER
control field ABS38197
008 - FIXED-LENGTH DATA ELEMENTS--GENERAL INFORMATION
fixed length control field 090401t1987 xxu||||| |||| 00| 0 eng d
035 ## - SYSTEM CONTROL NUMBER
System control number (Sirsi) u9140
041 ## - LANGUAGE CODE
Language code of text/sound track or separate title eng
100 ## - MAIN ENTRY--PERSONAL NAME
Personal name Thompson, R.
245 ## - TITLE STATEMENT
Title Is fastest best? - the case of development control
260 ## - PUBLICATION, DISTRIBUTION, ETC.
Date of publication, distribution, etc. 1987
350 ## - PRICE (NR) (BK AM CF MU VM SE) [OBSOLETE]
Price 0
490 ## - SERIES STATEMENT
Series statement Planner
Volume/sequential designation 73(9) September 1987, 11-15(5)
520 ## - SUMMARY, ETC.
Summary, etc. Looks at the speed with which different authorities deal with planning applications and puts forward the theory that the reasons for variation in performance are due to the attitudes towards the purposes of planning generally, and in particular the control function. Considers the role of planning as a vehicle to enable development, planning for the public interest, procedural improvements and improvements in the service.
690 ## - LOCAL SUBJECT ADDED ENTRY--TOPICAL TERM (OCLC, RLIN)
Topical term or geographic name as entry element PLANNING LAW AND PRACTICE
942 ## - ADDED ENTRY ELEMENTS (KOHA)
Suppress in OPAC 0
948 ## - LOCAL PROCESSING INFORMATION (OCLC); SERIES PART DESIGNATOR (RLIN)
c (OCLC) 04/03/1997
Holdings
Withdrawn status Lost status Source of classification or shelving scheme Damaged status Not for loan Home library Current library Shelving location Date acquired Total Checkouts Full call number Barcode Date last seen Copy number Price effective from Koha item type
    Dewey Decimal Classification     London London Journal article 14/09/1999   ABS38197 9140-1001 06/08/2019 1 06/08/2019 Journal article